00614nam a2200193Ia 450000500170000000800460001703700120006304000210007504100130009608400230010910000260013224500300015826000470018830000090023565000260024494200230027099900210029395201060031420250508151027.0008 250505s9999 xx 000 0 eng d aTextual aFEDL bengcFEDL aeng2eng a371.422, WOLqFEDL aWolfenden J F9758227 0aHow to choose your school aLondon, UKbOxford University Press c1952 a111p aSchool Administration cTEXLh371.422, WOL c1327141d1327141 00104070aFEDLbFEDLd2025-05-08l0o371.422, WOLpEL0006956r2025-05-08 15:10:27w2025-05-08yTEXL